Theoretical background to elt methodology
Content: Overview of language teaching an learning theories; language teaching and learning theories; common approaches to language teaching.
Salvato in:
| Natura: | Libro |
|---|---|
| Lingua: | Undetermined |
| Pubblicazione: |
Ha Noi
University of education
2010
|
| Soggetti: | |
| Tags: |
Aggiungi Tag
Nessun Tag, puoi essere il primo ad aggiungerne! !
|
| Thư viện lưu trữ: | Trung tâm Học liệu Trường Đại học Cần Thơ |
|---|
| LEADER | 00736nam a2200205Ia 4500 | ||
|---|---|---|---|
| 001 | CTU_202509 | ||
| 008 | 210402s9999 xx 000 0 und d | ||
| 020 | |c 30000 | ||
| 082 | |a 428.007 | ||
| 082 | |b T396 | ||
| 245 | 0 | |a Theoretical background to elt methodology | |
| 245 | 0 | |c Nguyen Thi Mai Huong (Compiled and edited) | |
| 260 | |a Ha Noi | ||
| 260 | |b University of education | ||
| 260 | |c 2010 | ||
| 520 | |a Content: Overview of language teaching an learning theories; language teaching and learning theories; common approaches to language teaching. | ||
| 650 | |a Tiếng Anh,English language | ||
| 650 | |x Học và dạy,Study and teaching | ||
| 904 | |i Tuyến | ||
| 980 | |a Trung tâm Học liệu Trường Đại học Cần Thơ | ||